00473cam a2200157 a 450000100100000000500170001000800410002704000290006804200120009705000210010908200150013010000360014524500610018126000520024230000210029400001812420200929165350.0800211s1954 gw 000 1 ger d aDO-SdBNPbgercLCdBNPHU apremarc00aPQ2603.R315bS55 ann*bB823g1 aBrasillach, Robert,d1909-1945.10aGrüsse für Marie-Ange :bRoman /cRobert Brasillach. aMunchen :bBiederstein Verlag München,c1954. a273 p. ;c19 cm.